Loading...
| Science - Chemistry | 0 | 10 | 0 | 2 | 100 | 47 | 71.10 | 0 | 5 | 0.00 | 0.00 |
| Science - Other | 0 | 5 | 0 | 0 | 50 | 30 | 63.80 | 0 | 2 | 0.00 | 0.00 |
| Science - Biology | 0 | 5 | 1 | 0 | 45 | 64 | 73.20 | 0 | 4 | 0.00 | 0.00 |
| Science - Physics | 0 | 5 | 1 | 1 | 45 | 34 | 71.20 | 0 | 2 | 0.00 | 0.00 |
| Fine Arts - Classical Music | 0 | 4 | 0 | 0 | 40 | 87 | 88.75 | 0 | 0 | 0.00 | 0.00 |
| History - Other | 0 | 3 | 0 | 0 | 30 | 54 | 86.33 | 0 | 0 | 0.00 | 0.00 |
| History - European | 0 | 3 | 0 | 0 | 30 | 35 | 68.33 | 0 | 0 | 0.00 | 0.00 |
| History - American | 0 | 3 | 1 | 0 | 25 | 48 | 76.00 | 0 | 2 | 0.00 | 0.00 |
| History - World | 0 | 2 | 0 | 0 | 20 | 9 | 58.50 | 1 | 1 | 0.00 | 0.00 |
| Geography | 0 | 2 | 0 | 1 | 20 | 53 | 85.50 | 0 | 2 | 0.00 | 0.00 |
| Literature - European | 0 | 2 | 1 | 0 | 15 | 124 | 125.00 | 0 | 0 | 0.00 | 0.00 |
| Literature - World | 0 | 1 | 0 | 0 | 10 | 111 | 111.00 | 0 | 0 | 0.00 | 0.00 |
| Literature - American | 0 | 1 | 0 | 0 | 10 | 85 | 85.00 | 0 | 0 | 0.00 | 0.00 |
| Painting/Sculpture | 0 | 1 | 0 | 0 | 10 | 54 | 54.00 | 0 | 0 | 0.00 | 0.00 |
| Philosophy | 0 | 1 | 0 | 0 | 10 | 73 | 73.00 | 0 | 1 | 0.00 | 0.00 |
| Religion | 0 | 1 | 0 | 0 | 10 | 43 | 43.00 | 1 | 1 | 0.00 | 0.00 |
| Mythology | 0 | 1 | 1 | 0 | 5 | 21 | 21.00 | 1 | 1 | 0.00 | 0.00 |
| Fine Arts - Other | 0 | 1 | 1 | 0 | 5 | 104 | 104.00 | 0 | 1 | 0.00 | 0.00 |
| Social Science | 0 | 1 | 1 | 0 | 5 | 57 | 57.00 | 0 | 0 | 0.00 | 0.00 |
| Literature - British | 0 | 0 | 0 | 0 | 0 | 0.00 | 0 | 0 | 0.00 | 0.00 |